| 000 | 00701nam a2200229 a 4500 | ||
|---|---|---|---|
| 001 | 3530 | ||
| 003 | CDMR | ||
| 005 | 20130605093146.0 | ||
| 008 | 130130s2007||||sp |||||||||||||||||spa|d | ||
| 020 | _a9788484605775 | ||
| 040 |
_aCDMR _bcat _cCDMR |
||
| 100 | 1 |
_93318 _aGallego, Mercedes |
|
| 245 |
_aMás allá de la batalla _b: una corresponsal de guerra en Irak _cMercedes Gallego |
||
| 260 |
_aMadrid _bTemas de Hoy _c2007 |
||
| 300 | _a361 p. | ||
| 490 | 0 |
_aBooket _v3032 |
|
| 490 | 0 | _aDivulgación. Testimonio | |
| 650 | 0 | 4 |
_93678 _aCorresponsals de guerra _xRelats personals _vRelats personals |
| 650 | 0 | 4 |
_9797 _aReportatges literaris |
| 650 | 0 | 4 |
_93582 _aGuerra d'Iraq, 2003-2011 |
| 942 |
_cMON _2udc |
||
| 999 |
_c3530 _d3530 |
||